000 00303nam a2200121Ia 4500
008 190216s9999||||xx |||||||||||||| ||und||
100 _aGraham Greene
245 4 _aThe Power And The Glory
260 _bHeinemann Educational Books Ltd
_c1968
300 _a225
650 _aEnglish Stories
942 _cBK
999 _c12263
_d12263